<?xml version="1.0" encoding="UTF-8"?>
<collection xmlns="http://www.loc.gov/MARC21/slim">
 <record>
  <leader>00694pamaa2200169   4500</leader>
  <controlfield tag="001">0000030549</controlfield>
  <controlfield tag="005">20060907090000.0</controlfield>
  <datafield tag="020" ind1="0" ind2="0">
   <subfield code="a">9679426378 (pbk.) </subfield>
  </datafield>
  <datafield tag="090" ind1="0" ind2="0">
   <subfield code="a">PL5130.5 </subfield>
   <subfield code="b">RUZ 2003</subfield>
  </datafield>
  <datafield tag="100" ind1="0" ind2="1">
   <subfield code="a">RUZY SULIZA HASHIM </subfield>
  </datafield>
  <datafield tag="245" ind1="1" ind2="0">
   <subfield code="a">Out of the shadows : </subfield>
   <subfield code="b">women in Malay court narratives  </subfield>
   <subfield code="c">Ruzy Suliza Hashim.</subfield>
  </datafield>
  <datafield tag="260" ind1="0" ind2="0">
   <subfield code="a">Bangi: </subfield>
   <subfield code="b">Penerbit Universiti Kebangsaan Malaysia, </subfield>
   <subfield code="c">2003.</subfield>
  </datafield>
  <datafield tag="300" ind1=" " ind2=" ">
   <subfield code="a">250 p: </subfield>
   <subfield code="b">map: </subfield>
   <subfield code="b">23 cm.</subfield>
  </datafield>
  <datafield tag="500" ind1="0" ind2="0">
   <subfield code="a">Revision of the author's thesis (doctoral)--University of Otago, New Zealand, 1999. Includes bibliographical references (p.[233]-244) and index</subfield>
  </datafield>
  <datafield tag="650" ind1="0" ind2="0">
   <subfield code="a">Malay literature -- </subfield>
   <subfield code="x">History and criticism </subfield>
  </datafield>
  <datafield tag="650" ind1="0" ind2="0">
   <subfield code="a">Women in literature </subfield>
  </datafield>
  <datafield tag="901" ind1=" " ind2=" ">
   <subfield code="u">http://www.pernerbit.ukm.my</subfield>
  </datafield>
 </record>
</collection>
